Foreign-Born Population: Argentina Quiz Stats

 Plays Quiz Updated Feb 8, 2017

Challenge
Share
Tweet
Embed
Score 0/20 Timer 04:00
0 Plays Today
Foreign-Born Population Country % Correct
41,330Brazil
97.6%
19,147United States
96.3%
191,147Chile
94.6%
94,030Spain
91.8%
6,042Mexico
89.6%
157,514Peru
88.1%
116,592Uruguay
87.9%
550,713Paraguay
87.8%
8,416Germany
85.4%
17,576Colombia
84.5%
Foreign-Born Population Country % Correct
6,379Venezuela
83.2%
6,995France
83.1%
8,929China
81.8%
345,272Bolivia
80.2%
147,499Italy
78.4%
6,785Portugal
78.1%
6,428Poland
49.3%
7,321South Korea
42.7%
4,830Ukraine
27.5%
5,661Dominican Republic
25.6%

You're not logged in!

Compare scores with friends on all Sporcle quizzes.
Join for Free
OR
Log In

You Might Also Like...

Show Comments

Extras

Top Quizzes Today


Score Distribution

Your Account Isn't Verified!

In order to create a playlist on Sporcle, you need to verify the email address you used during registration. Go to your Sporcle Settings to finish the process.

Report this User

Report this user for behavior that violates our Community Guidelines.

Details: